The damage of diamond back moth on crucifere crops in kandal province and measures of its control ការរាតត្បាតរបស់ដង្កូវយោលទោងលើដំណាំបន្លែអំបូរស្ពៃគ្រុយស៊ីហ្វែរក្នុងលក្ខខ័ណ្ឌខេត្តកណ្ដាលនិង​វិធានការណ៍កំចាត់ (Record no. 301)

000 -LEADER
fixed length control field 00774nam a22001577a 4500
003 - CONTROL NUMBER IDENTIFIER
control field OSt
005 - DATE AND TIME OF LATEST TRANSACTION
control field 20150912134218.0
008 - FIXED-LENGTH DATA ELEMENTS--GENERAL INFORMATION
fixed length control field 150912b xxu||||| |||| 00| 0 eng d
040 ## - CATALOGING SOURCE
Transcribing agency RUA
082 ## - DEWEY DECIMAL CLASSIFICATION NUMBER
Classification number AGR HIN 1997 B018 Or.1
100 ## - MAIN ENTRY--PERSONAL NAME
9 (RLIN) 321
Personal name HING SREYMOM
245 ## - TITLE STATEMENT
Title The damage of diamond back moth on crucifere crops in kandal province and measures of its control ការរាតត្បាតរបស់ដង្កូវយោលទោងលើដំណាំបន្លែអំបូរស្ពៃគ្រុយស៊ីហ្វែរក្នុងលក្ខខ័ណ្ឌខេត្តកណ្ដាលនិង​វិធានការណ៍កំចាត់
260 ## - PUBLICATION, DISTRIBUTION, ETC. (IMPRINT)
Place of publication, distribution, etc. Phnom Penh
Name of publisher, distributor, etc. RUA
Date of publication, distribution, etc. 1997
300 ## - PHYSICAL DESCRIPTION
Extent 98p.
Other physical details ill.
Dimensions 29cm.
942 ## - ADDED ENTRY ELEMENTS (KOHA)
Source of classification or shelving scheme
Koha item type AGR
Holdings
Price effective from Date last seen Permanent Location Not for loan Date acquired Source of classification or shelving scheme Koha item type Lost status Withdrawn status Date last checked out Total Checkouts Shelving location Damaged status Barcode Checked out Current Location Full call number
2015-09-122018-07-17Library Block B 2015-09-12 AGR  2018-07-161B018 RUA003797 Library Block BAGR HIN 1997 B018 Or.1
2015-09-122018-08-01Library Block B 2015-09-12 AGR  2018-07-252B018 RUA003356 Library Block BAGR HIN 1997 B018 Or.2
2015-09-122023-03-07Library Block B 2015-09-12 AGR  2023-02-202B018 RUA007067 Library Block BAGR HIN 1997 B018 Or.3
2015-09-122018-07-20Library Block B 2015-09-12 AGR  2018-07-201B018 RUA0036532018-08-07Library Block BAGR HIN 1997 B018 Or.4
2015-09-122018-07-31Library Block B 2015-09-12 AGR  2018-07-251B018 RUA008088 Library Block BAGR HIN 1997 B018 Or.5
2015-09-122015-09-12Library Block B 2015-09-12 AGR    B018 RUA003726 Library Block BAGR HIN 1997 B018 Or.6
មជ្ឈមណ្ឌលឯការនៃសាកលវិទ្យាល័យភូមិន្ទកសិកម្មចំការដូង

Powered by Koha